| 000 -LEADER |
| fixed length control field |
01527cam a22002054a 4500 |
| 020 ## - INTERNATIONAL STANDARD BOOK NUMBER |
| ISBN |
082136071X |
| 040 ## - CATALOGING SOURCE |
| Transcribing agency |
DDC |
| 082 ## - DEWEY DECIMAL CLASSIFICATION NUMBER |
| Classification number |
338 WOR 2005 A077 Or. |
| 110 2# - MAIN ENTRY--CORPORATE NAME |
| Corporate name or jurisdiction name as entry element |
World Bank. |
| 245 10 - TITLE STATEMENT |
| Title |
World Development Indicators 2005 |
| 260 ## - PUBLICATION, DISTRIBUTION, ETC. (IMPRINT) |
| Place of publication |
Washington, D.C. : |
| Name of publisher |
The World Bank, |
| Year of publication |
2005. |
| 300 ## - PHYSICAL DESCRIPTION |
| Number of Pages |
1 online resource (440 p.) |
| 490 1# - SERIES STATEMENT |
| Series statement |
World Development Indicators |
| 520 3# - SUMMARY, ETC. |
| Summary, etc |
World Development Indicators, the World Bank's respected statistical publication presents the most current and accurate information on global development on both a national level and aggregated globally. This information allows readers to monitor the progress made toward meeting the goals endorsed by the United Nations and its member countries, the World Bank, and a host of partner organizations in September 2001 in their Millennium Development Goals. The print edition of World Development Indicators 2005 allows you to consult over 80 tables and over 800 indicators for 152 economies and 14 country groups, as well as basic indicators for a further 55 economies. There are key indicators for the latest year available, important regional data, and income group analysis. The report contains six thematic presentations of analytical commentary covering: World View, People, Environment, Economy, States and Markets, and Global Links. |
| 650 #4 - SUBJECT ADDED ENTRY--TOPICAL TERM |
| Topical Term |
Health, Nutrition and Population. |
| 650 #4 - SUBJECT ADDED ENTRY--TOPICAL TERM |
| Topical Term |
Population Policies. |
| 710 2# - ADDED ENTRY--CORPORATE NAME |
| Corporate name or jurisdiction name as entry element |
World Bank. |
| 856 40 - ELECTRONIC LOCATION AND ACCESS |
| Uniform Resource Identifier |
http://elibrary.worldbank.org/content/book/9780821360712 |
| 942 ## - ADDED ENTRY ELEMENTS (KOHA) |
| Koha item type |
សៀវភៅភាសាអង់គ្លេស |
| 952 ## - LOCATION AND ITEM INFORMATION (KOHA) |
| Withdrawn status [LOCAL, KOHA] |
0 |